<?xml version="1.0" encoding="UTF-8"?>
<record
    xmlns:xsi="http://www.w3.org/2001/XMLSchema-instance"
    xsi:schemaLocation="http://www.loc.gov/MARC21/slim http://www.loc.gov/standards/marcxml/schema/MARC21slim.xsd"
    xmlns="http://www.loc.gov/MARC21/slim">

  <leader>03909cam a2200289   4500500</leader>
  <controlfield tag="005">20260322003440.0</controlfield>
  <datafield tag="041" ind1=" " ind2=" ">
    <subfield code="a">fre</subfield>
  </datafield>
  <datafield tag="042" ind1=" " ind2=" ">
    <subfield code="a">dc</subfield>
  </datafield>
  <datafield tag="100" ind1="1" ind2="0">
    <subfield code="a">Mandin, Fran&#xE7;ois</subfield>
    <subfield code="e">author</subfield>
  </datafield>
  <datafield tag="700" ind1="1" ind2="0">
    <subfield code="a">Roux, Fr&#xE9;d&#xE9;rique</subfield>
    <subfield code="e">author</subfield>
  </datafield>
  <datafield tag="245" ind1="0" ind2="0">
    <subfield code="a">La place du droit dans la formation et la recherche en sciences du sport&#xA0;: de l&#x2019;autonomie de la discipline juridique au dialogue avec les SHS</subfield>
  </datafield>
  <datafield tag="260" ind1=" " ind2=" ">
    <subfield code="c">2026.
							</subfield>
  </datafield>
  <datafield tag="500" ind1=" " ind2=" ">
    <subfield code="a">64</subfield>
  </datafield>
  <datafield tag="520" ind1=" " ind2=" ">
    <subfield code="a">Ce num&#xE9;ro sp&#xE9;cial de la revue STAPS fait suite au colloque &#xAB;&#xA0;Les enjeux des jeux&#xA0;&#xBB; organis&#xE9; &#xE0; Montpellier en d&#xE9;cembre&#xA0;2022. Deux sessions &#xE9;taient d&#xE9;di&#xE9;es au droit du sport&#xA0;: la fabrication de la loi et la formation-recherche. Elles ont mis en &#xE9;vidence l&#x2019;int&#xE9;r&#xEA;t croissant des UFR STAPS pour cette discipline. Les articles r&#xE9;unissent des analyses critiques men&#xE9;es par des juristes et des sociologues du sport. Ils interrogent la place du droit dans l&#x2019;enseignement et la recherche en sciences du sport. Cette r&#xE9;flexion s&#x2019;inscrit dans un contexte de juridicisation accrue du sport. En STAPS, le droit est une comp&#xE9;tence professionnelle essentielle mais encore marginalis&#xE9;e. La pluridisciplinarit&#xE9; favorise une approche ouverte du droit, non cloisonn&#xE9;e. Le droit du sport y est pens&#xE9; comme li&#xE9; aux rapports sociaux, &#xE9;conomiques et politiques. Cette sp&#xE9;cificit&#xE9; encourage le dialogue scientifique et le d&#xE9;veloppement de recherches interdisciplinaires.</subfield>
  </datafield>
  <datafield tag="520" ind1=" " ind2=" ">
    <subfield code="a">This special issue of the journal STAPS follows the conference &#x201C;Les enjeux des jeux&#x201D; held in Montpellier in December 2022. Two sessions were devoted to sports law: law-making and training and research. They highlighted the growing interest of STAPS (Science and Technology of Physical and Sports Activities) departments in this field. The articles bring together critical analyses by legal scholars and sociologists of sports. They examine the place of law in teaching and research in sports science. This reflection takes place in a context of increasing juridification of sports. In STAPS, law is an essential professional skill but remains marginalized. Multidisciplinarity encourages an open, non-compartmentalized approach to law. Sports law is viewed as closely linked to social, economic, and political relations. This specificity fosters scientific dialogue and the development of interdisciplinary research.</subfield>
  </datafield>
  <datafield tag="520" ind1=" " ind2=" ">
    <subfield code="a">Este n&#xFA;mero especial de la revista STAPS es producto del coloquio &#xAB;Les enjeux des jeux&#xBB; (Los retos de los juegos), organizado en Montpellier en diciembre de&#xA0;2022. Dos sesiones se dedicaron al derecho deportivo: La elaboraci&#xF3;n de la ley y la formaci&#xF3;n-investigaci&#xF3;n. Han puesto de manifiesto el creciente inter&#xE9;s de las facultades de ciencias deportivas y de las actividades f&#xED;sicas (STAPS, por sus siglas en franc&#xE9;s) por esta disciplina. Los art&#xED;culos re&#xFA;nen an&#xE1;lisis cr&#xED;ticos realizados por juristas y soci&#xF3;logos del deporte, que cuestionan el lugar que ocupa el derecho en la ense&#xF1;anza y la investigaci&#xF3;n en ciencias del deporte. Esta reflexi&#xF3;n se inscribe en un contexto de creciente judicializaci&#xF3;n del deporte. En ciencias del deporte, el derecho es una competencia profesional esencial, pero a&#xFA;n marginada. La multidisciplinariedad favorece un enfoque abierto del derecho, sin divisiones. El derecho deportivo se concibe as&#xED; como algo vinculado a las relaciones sociales, econ&#xF3;micas y pol&#xED;ticas, y esta particularidad fomenta el di&#xE1;logo cient&#xED;fico y el desarrollo de investigaciones interdisciplinarias.</subfield>
  </datafield>
  <datafield tag="690" ind1=" " ind2=" ">
    <subfield code="a">droit du sport</subfield>
  </datafield>
  <datafield tag="690" ind1=" " ind2=" ">
    <subfield code="a">formation</subfield>
  </datafield>
  <datafield tag="690" ind1=" " ind2=" ">
    <subfield code="a">recherche</subfield>
  </datafield>
  <datafield tag="690" ind1=" " ind2=" ">
    <subfield code="a">sciences du sport</subfield>
  </datafield>
  <datafield tag="690" ind1=" " ind2=" ">
    <subfield code="a">education and training</subfield>
  </datafield>
  <datafield tag="690" ind1=" " ind2=" ">
    <subfield code="a">research</subfield>
  </datafield>
  <datafield tag="690" ind1=" " ind2=" ">
    <subfield code="a">sports law</subfield>
  </datafield>
  <datafield tag="690" ind1=" " ind2=" ">
    <subfield code="a">sports science</subfield>
  </datafield>
  <datafield tag="786" ind1="0" ind2=" ">
    <subfield code="n">Staps | 155 | 2 | 2026-03-16 | p. 7-15 | 0247-106X</subfield>
  </datafield>
  <datafield tag="856" ind1="4" ind2="1">
    <subfield code="u">https://shs.cairn.info/revue-staps-2026-2-page-7?lang=fr&amp;redirect-ssocas=7080</subfield>
  </datafield>
  <datafield tag="999" ind1=" " ind2=" ">
    <subfield code="c">1732179</subfield>
    <subfield code="d">1732179</subfield>
  </datafield>
</record>
